Cool off! : (Record no. 7643)

000 -LEADER
fixed length control field 01360cam a2200205 i 4500
003 - CONTROL NUMBER IDENTIFIER
control field OSt
005 - DATE AND TIME OF LATEST TRANSACTION
control field 20200317115237.0
008 - FIXED-LENGTH DATA ELEMENTS--GENERAL INFORMATION
fixed length control field 170224s2017 sz ae 000 0 eng
020 ## - INTERNATIONAL STANDARD BOOK NUMBER
International Standard Book Number 9783037682074 (hd. bd.)
082 ## - DEWEY DECIMAL CLASSIFICATION NUMBER
Classification number 307.760954
Item number KRA
100 1# - MAIN ENTRY--PERSONAL NAME
Personal name Kramer, Sibylle,
Dates associated with a name 1967-
Relator term author.
245 10 - TITLE STATEMENT
Title Cool off! :
Remainder of title the pool book /
Statement of responsibility, etc Sibylle Kramer.
250 ## - EDITION STATEMENT
Edition statement 1st edition.
300 ## - PHYSICAL DESCRIPTION
Extent 238 pages :
Other physical details chiefly color illustrations, plans ;
Dimensions 25 x 29 cm
520 ## - SUMMARY, ETC.
Summary, etc Water is probably the most diverse and fascinating of the four elements. When presented in a swimming pool, it signifies refreshment and relaxation, health, vivacity and zest for life. In this form, shaped by architecture and incorporated into the constructed and/or natural setting, water presents its most beautiful side. The precious substance is always at the center of the design of a swimming pool, reflected in the shape, the choice of materials, the color range, or the illumination concept. In the contemporary projects from around the world presented in this volume, renowned architects and innovative newcomers showcase the source of all life in a great variety of compelling and creative ways.
650 #0 - SUBJECT ADDED ENTRY--TOPICAL TERM
Topical term or geographic name as entry element Swimming pools
General subdivision Design and construction.
650 #0 - SUBJECT ADDED ENTRY--TOPICAL TERM
Topical term or geographic name as entry element Swimming pools
Form subdivision Pictorial works.
650 #0 - SUBJECT ADDED ENTRY--TOPICAL TERM
Topical term or geographic name as entry element Architecture, Domestic
Chronological subdivision 21st century
General subdivision Themes, motives.
942 ## - ADDED ENTRY ELEMENTS (KOHA)
Source of classification or shelving scheme
Holdings
Withdrawn status Lost status Source of classification or shelving scheme Damaged status Koha normalized classification for sorting Not for loan Permanent location Current location Date acquired Full call number Barcode Date last seen Price effective from Koha item type
        307_760954000000000_KRA   BMS College of Architecture, Design and Planning BMS College of Architecture, Design and Planning 2020-03-17 307.760954 KRA AR-UG1723 2020-03-17 2020-03-17 UG Books
Copyright © 2025, The Librarian, Library and Information Centre, BMSCA D&P, Bengaluru. All Rights Reserved
web counter

Powered by Koha